Ohio - Suburb or Nah - Statistics

General Stats
  • This quiz has been taken 19 times
    16 since last reset
  • The average score is 13 of 15
Answer Stats
Question Answer % Correct
Suburb or Nah - Cincinnati No
100%
Suburb or Nah - Maumee Yes
100%
Suburb or Nah - Shaker Heights Yes
100%
Suburb or Nah - Powell Yes
100%
Suburb or Nah - Upper Arlington Yes
100%
Suburb or Nah - Bexley Yes
100%
Suburb or Nah - Toledo No
86%
Suburb or Nah - Dayton No
86%
Suburb or Nah - Findlay No
86%
Suburb or Nah - Dublin Yes
86%
Suburb or Nah - Akron No
71%
Suburb or Nah - Youngstown No
71%
Suburb or Nah - Montgomery Yes
71%
Suburb or Nah - Warren Yes
71%
Suburb or Nah - Blue Ash Yes
57%
No matching quizzes found
Score Distribution
Percent of People with Each Score
Percentile by Number Answered
Your Score History
You have not taken this quiz since the last reset